Fr. Conceicao Rodrigues College of Engineering

MADRASCHI MARATHI HASTALIKHITE (Record no. 21616)

MARC details
000 -LEADER
fixed length control field 00274nam a2200121Ia 4500
100 ## - MAIN ENTRY--PERSONAL NAME
Personal name JOSHI VASANT/S
245 ## - TITLE STATEMENT
Title MADRASCHI MARATHI HASTALIKHITE
260 ## - PUBLICATION, DISTRIBUTION, ETC.
Name of publisher, distributor, etc. RAJYA MARATHI VIKAS SANSTHA
Place of publication, distribution, etc. Mumbai
Date of publication, distribution, etc. 1996
366 ## - TRADE AVAILABILITY INFORMATION
Publishers's discount category 50
300 ## - PHYSICAL DESCRIPTION
Extent 208
546 ## - LANGUAGE NOTE
Language note MARATHI
942 ## - ADDED ENTRY ELEMENTS (KOHA)
Koha item type BOOK
Holdings
Withdrawn status Lost status Damaged status Not for loan Collection Home library Current library Date acquired Source of acquisition Cost, normal purchase price Inventory number Total Checkouts Full call number Barcode Date last seen Cost, replacement price Price effective from Koha item type
        AFT Fr. Agnel's C.Rodrigues College of Engineering Fr. Agnel's C.Rodrigues College of Engineering 17/03/2023 RAJYA MARATHI VIKAS SANSTHA 12.50 10775 INDENT NO.   AFT8271 17/03/2023 25.00   BOOK